000 00406nam a2200157 i 4500
001 bg
100 1 _aCHODERA, Jan.
245 0 _aPodręczny słownik niemiecko-polski.
_nT. 1,
_pA-L /
_cJan Chodera, Stefan Kubica.
260 _aWarszawa,
_c1983.
700 1 _aKUBICA, Stefan.
040 _cBPK
041 _apol
080 _a803.0::808.4]-3
942 _cKS
008 s pl f |000 0 pol
999 _c22260
_d22260
856 _uhttp://koha.tu.koszalin.pl/cgi-bin/koha/opac-detail.pl?biblionumber=22260
_yKatalog online BPK